[Event "IX IBCA World Team Ch. for the Blind an"]
[Site "Ohrid, North Macedonia"]
[Date "2022.07.04"]
[Round "7.2"]
[White "Began, Branko"]
[Black "Soundarya, Kumar Pradhan"]
[Result "0-1"]
[WhiteElo "1824"]
[BlackElo "1782"]
[PlyCount "100"]
[EventDate "2022.06.28"]
[EventType "team"]
[EventRounds "7"]
[EventCountry "MKD"]
[WhiteTeam "Croatia"]
[BlackTeam "India"]
[WhiteTeamCountry "CRO"]
[BlackTeamCountry "IND"]

1. d4 Nf6 2. Nf3 e6 3. Bf4 c5 4. e3 d5 5. h3 Bd6 6. Bxd6 Qxd6 7. c3 Nc6 8. Nbd2
O-O 9. Bd3 e5 10. dxe5 Nxe5 11. Nxe5 Qxe5 12. Nf3 Qe7 13. O-O b6 14. Qe2 a6 15.
Rfe1 Bb7 16. Nd2 Rfe8 17. a4 Qc7 18. Qf1 Re6 19. Rac1 Ne4 20. Nxe4 dxe4 21. Bc4
Rg6 22. Kh1 Qc8 23. Red1 Bc6 24. Bd5 Bxd5 25. Rxd5 Qc6 26. Rcd1 Re6 27. Qc4 g6
28. b3 a5 29. Rd7 Rae8 30. Qa6 Kg7 31. Qa7 Rf8 32. Rc7 Qe8 33. Rdd7 Rf6 34. Re7
Qd8 35. Rcd7 Qc8 36. Rxe4 Rxf2 37. Rf4 Rxf4 38. exf4 Qc6 39. Qc7 Qe6 40. c4 Re8
41. Kh2 Qf6 42. Rd3 Re2 43. Rf3 Qb2 44. Rg3 Qf6 45. Rf3 h5 46. f5 h4 47. Qf4 g5
48. Qg4 Qe5+ 49. Kg1 Re1+ 50. Rf1 Qe3+ 0-1

[Event "IX IBCA World Team Ch. for the Blind an"]
[Site "Ohrid, North Macedonia"]
[Date "2022.07.04"]
[Round "7.3"]
[White "Kishan, Gangolli"]
[Black "Culjak, Miso"]
[Result "1-0"]
[WhiteElo "2092"]
[BlackElo "1675"]
[PlyCount "49"]
[EventDate "2022.06.28"]
[EventType "team"]
[EventRounds "7"]
[EventCountry "MKD"]
[WhiteTeam "India"]
[BlackTeam "Croatia"]
[WhiteTeamCountry "IND"]
[BlackTeamCountry "CRO"]

1. d4 e6 2. c4 d5 3. Nc3 Nf6 4. Nf3 c6 5. e3 Be7 6. Be2 Nbd7 7. O-O O-O 8. b3
Bb4 9. Bb2 Re8 10. Qc2 e5 11. dxe5 Nxe5 12. Nxe5 Rxe5 13. Nxd5 Bd6 14. Nxf6+
gxf6 15. Bxe5 Bxe5 16. Rad1 Qf8 17. Bd3 Qh6 18. f4 Bc7 19. Bf5 Be6 20. Rf3 Bxf5
21. Qxf5 Kh8 22. Rh3 Qg6 23. Qxg6 fxg6 24. Rd7 Bb6 25. Rdxh7+ 1-0

[Event "IX IBCA World Team Ch. for the Blind an"]
[Site "Ohrid, North Macedonia"]
[Date "2022.07.04"]
[Round "7.4"]
[White "Kljaic, Kresimir"]
[Black "Swapanil, Shah"]
[Result "0-1"]
[WhiteElo "1543"]
[BlackElo "1652"]
[PlyCount "36"]
[EventDate "2022.06.28"]
[EventType "team"]
[EventRounds "7"]
[EventCountry "MKD"]
[WhiteTeam "Croatia"]
[BlackTeam "India"]
[WhiteTeamCountry "CRO"]
[BlackTeamCountry "IND"]

1. e4 e5 2. Nf3 Nc6 3. Bc4 Bc5 4. d3 Nf6 5. Nc3 h6 6. h3 d6 7. Na4 Bb6 8. Nxb6
axb6 9. Bb3 O-O 10. a3 Be6 11. Bxe6 fxe6 12. O-O Qe8 13. c3 Nh5 14. Qd2 Nf4 15.
b4 Nxh3+ 16. Kh2 Qh5 17. Rh1 Nxf2+ 18. Kg1 Qxh1+ 0-1

[Event "IX IBCA World Team Ch. for the Blind an"]
[Site "Ohrid, North Macedonia"]
[Date "2022.07.04"]
[Round "7.2"]
[White "Draghici Flutur, Gavril"]
[Black "Capanov, Mile"]
[Result "1/2-1/2"]
[WhiteElo "2100"]
[BlackElo "1951"]
[PlyCount "20"]
[EventDate "2022.06.28"]
[EventType "team"]
[EventRounds "7"]
[EventCountry "MKD"]
[WhiteTeam "Spain"]
[BlackTeam "North Macedonia"]
[WhiteTeamCountry "ESP"]

1. e4 e5 2. Nc3 Nf6 3. g3 Bc5 4. Bg2 c6 5. Nf3 d5 6. exd5 e4 7. Ng5 cxd5 8. d4
Bb6 9. O-O h6 10. Nh3 Bg4 1/2-1/2

[Event "IX IBCA World Team Ch. for the Blind an"]
[Site "Ohrid, North Macedonia"]
[Date "2022.07.04"]
[Round "7.3"]
[White "Kostadinovski, Zoran"]
[Black "Fernandez Manrique, Agustin"]
[Result "1/2-1/2"]
[WhiteElo "1913"]
[BlackElo "2022"]
[PlyCount "22"]
[EventDate "2022.06.28"]
[EventType "team"]
[EventRounds "7"]
[EventCountry "MKD"]
[WhiteTeam "North Macedonia"]
[BlackTeam "Spain"]
[BlackTeamCountry "ESP"]

1. d4 Nf6 2. c4 g6 3. Nc3 Bg7 4. e4 d6 5. h3 O-O 6. Nf3 e5 7. Be3 exd4 8. Nxd4
Re8 9. Bd3 Nbd7 10. O-O Nc5 11. Qd2 c6 1/2-1/2

[Event "IX IBCA World Team Ch. for the Blind an"]
[Site "Ohrid, North Macedonia"]
[Date "2022.07.04"]
[Round "7.4"]
[White "Fernandez Lago, David"]
[Black "Atanasov, K.Sande"]
[Result "1/2-1/2"]
[WhiteElo "1950"]
[BlackElo "1853"]
[PlyCount "24"]
[EventDate "2022.06.28"]
[EventType "team"]
[EventRounds "7"]
[EventCountry "MKD"]
[WhiteTeam "Spain"]
[BlackTeam "North Macedonia"]
[WhiteTeamCountry "ESP"]

1. e4 c6 2. d4 d5 3. exd5 cxd5 4. Bd3 Nc6 5. c3 Nf6 6. Bf4 Bg4 7. Qb3 Qd7 8.
Nd2 e6 9. Ngf3 Be7 10. O-O O-O 11. Ne5 Nxe5 12. dxe5 Ne8 1/2-1/2

[Event "IX IBCA World Team Ch. for the Blind an"]
[Site "Ohrid, North Macedonia"]
[Date "2022.07.04"]
[Round "7.1"]
[White "Streltsov, Alexey"]
[Black "Dimic, Pavle"]
[Result "1/2-1/2"]
[WhiteElo "2229"]
[BlackElo "2356"]
[PlyCount "55"]
[EventDate "2022.06.28"]
[EventType "team"]
[EventRounds "7"]
[EventCountry "MKD"]
[WhiteTeam "Israel"]
[BlackTeam "Serbia"]
[WhiteTeamCountry "ISR"]
[BlackTeamCountry "SRB"]

1. e4 c5 2. Nf3 Nc6 3. d4 cxd4 4. Nxd4 Nf6 5. Nc3 d6 6. Bg5 e6 7. Qd2 a6 8.
O-O-O Bd7 9. f4 b5 10. Bxf6 gxf6 11. Nxc6 Bxc6 12. f5 Qb6 13. Kb1 b4 14. Ne2 e5
15. Ng3 h5 16. h4 Bh6 17. Qxd6 Rd8 18. Qxd8+ Qxd8 19. Rxd8+ Kxd8 20. Nxh5 Ke7
21. Bd3 Rg8 22. g3 a5 23. Re1 a4 24. Re2 a3 25. Rg2 Rg4 26. Re2 Rg8 27. Rg2 Rg4
28. Re2 1/2-1/2

[Event "IX IBCA World Team Ch. for the Blind an"]
[Site "Ohrid, North Macedonia"]
[Date "2022.07.04"]
[Round "7.2"]
[White "Jandric, Damjan"]
[Black "Radovilsky, Yan"]
[Result "1/2-1/2"]
[WhiteElo "2145"]
[BlackElo "2094"]
[PlyCount "33"]
[EventDate "2022.06.28"]
[EventType "team"]
[EventRounds "7"]
[EventCountry "MKD"]
[WhiteTeam "Serbia"]
[BlackTeam "Israel"]
[WhiteTeamCountry "SRB"]
[BlackTeamCountry "ISR"]

1. e4 c5 2. Nf3 e6 3. g3 Nc6 4. Bg2 Nf6 5. Qe2 e5 6. O-O Be7 7. c3 O-O 8. Rd1
Re8 9. d4 cxd4 10. cxd4 exd4 11. Nxd4 Nxd4 12. Rxd4 Bc5 13. Rd1 d6 14. Nc3 Ng4
15. Rf1 Be6 16. h3 Ne5 17. b3 1/2-1/2

[Event "IX IBCA World Team Ch. for the Blind an"]
[Site "Ohrid, North Macedonia"]
[Date "2022.07.04"]
[Round "7.3"]
[White "Akman, Adi"]
[Black "Janjic, Stefan"]
[Result "1/2-1/2"]
[WhiteElo "2002"]
[BlackElo "2144"]
[PlyCount "43"]
[EventDate "2022.06.28"]
[EventType "team"]
[EventRounds "7"]
[EventCountry "MKD"]
[WhiteTeam "Israel"]
[BlackTeam "Serbia"]
[WhiteTeamCountry "ISR"]
[BlackTeamCountry "SRB"]

1. e4 e6 2. d4 d5 3. Nc3 Nf6 4. Bg5 Be7 5. e5 Nfd7 6. h4 Nc6 7. Bxe7 Qxe7 8. f4
Nb6 9. Nf3 Bd7 10. Qd2 O-O-O 11. O-O-O Kb8 12. Kb1 Be8 13. h5 h6 14. Bd3 Na5
15. Ne2 Nac4 16. Qc1 Rc8 17. Rh3 c5 18. dxc5 Qxc5 19. Ned4 Qe7 20. b3 Na3+ 21.
Ka1 a6 22. Qb2 1/2-1/2

[Event "IX IBCA World Team Ch. for the Blind an"]
[Site "Ohrid, North Macedonia"]
[Date "2022.07.04"]
[Round "7.4"]
[White "Avram, Sretko"]
[Black "Agmon, Yonatan"]
[Result "1/2-1/2"]
[WhiteElo "2105"]
[BlackElo "1697"]
[PlyCount "47"]
[EventDate "2022.06.28"]
[EventType "team"]
[EventRounds "7"]
[EventCountry "MKD"]
[WhiteTeam "Serbia"]
[BlackTeam "Israel"]
[WhiteTeamCountry "SRB"]
[BlackTeamCountry "ISR"]

1. c4 c5 2. Nf3 Nc6 3. d4 cxd4 4. Nxd4 g6 5. Nc3 Bg7 6. Nc2 Nf6 7. g3 d6 8. Bg2
O-O 9. O-O Be6 10. b3 Qd7 11. Rb1 Bh3 12. e4 Rad8 13. f3 Bxg2 14. Kxg2 e6 15.
Ba3 Rfe8 16. Qd2 d5 17. cxd5 exd5 18. exd5 Nxd5 19. Nxd5 Qxd5 20. Qxd5 Re2+ 21.
Rf2 Rxf2+ 22. Kxf2 Rxd5 23. Ke2 f5 24. Rd1 1/2-1/2

[Event "IX IBCA World Team Ch. for the Blind an"]
[Site "Ohrid, North Macedonia"]
[Date "2022.06.28"]
[Round "1.1"]
[White "Stachanczyk, Jacek"]
[Black "Ymeri, Rinor"]
[Result "1-0"]
[WhiteElo "2194"]
[BlackElo "1603"]
[PlyCount "55"]
[EventDate "2022.06.28"]
[EventType "team"]
[EventRounds "7"]
[EventCountry "MKD"]
[WhiteTeam "Poland"]
[BlackTeam "Kosovo"]
[WhiteTeamCountry "POL"]
[BlackTeamCountry "KOS"]

1. e4 e6 2. d4 d5 3. Nc3 Bb4 4. e5 c5 5. a3 Bxc3+ 6. bxc3 cxd4 7. cxd4 Nc6 8.
Qg4 g6 9. Nf3 Nge7 10. Bd3 Bd7 11. O-O Qc7 12. Qf4 O-O-O 13. a4 Nf5 14. Ba3 h6
15. Qd2 Be8 16. a5 g5 17. Bxf5 exf5 18. Bd6 Rxd6 19. exd6 Qxd6 20. Rfe1 Qf6 21.
c4 g4 22. Ne5 dxc4 23. Rac1 Nxe5 24. Rxe5 f4 25. Rxc4+ Kb8 26. a6 Qxa6 27. Qxf4
Qa1+ 28. Re1+ 1-0

[Event "IX IBCA World Team Ch. for the Blind an"]
[Site "Ohrid, North Macedonia"]
[Date "2022.06.28"]
[Round "1.2"]
[White "Gashi, Gani"]
[Black "Dukaczewski, Piotr"]
[Result "0-1"]
[WhiteElo "1738"]
[BlackElo "2194"]
[PlyCount "66"]
[EventDate "2022.06.28"]
[EventType "team"]
[EventRounds "7"]
[EventCountry "MKD"]
[WhiteTeam "Kosovo"]
[BlackTeam "Poland"]
[WhiteTeamCountry "KOS"]
[BlackTeamCountry "POL"]

1. e4 c5 2. Bc4 e6 3. Nf3 a6 4. a3 b5 5. Ba2 Bb7 6. d3 d6 7. Be3 Nd7 8. Nbd2
Ngf6 9. h3 Be7 10. Qe2 O-O 11. O-O-O Qc7 12. g4 d5 13. e5 Nxe5 14. Nxe5 Qxe5
15. Nf3 Qc7 16. g5 Nd7 17. h4 d4 18. Bd2 Rac8 19. Rhg1 Bxf3 20. Qxf3 c4 21.
dxc4 bxc4 22. c3 Ne5 23. Qe2 Nd3+ 24. Kc2 Nb4+ 25. Kb1 Nxa2 26. Kxa2 d3 27. Qe4
Qb6 28. h5 Bxa3 29. Bc1 Qb3+ 30. Kb1 Bxb2 31. Bxb2 Qc2+ 32. Ka2 Rb8 33. Rb1
Qb3+ 0-1

[Event "IX IBCA World Team Ch. for the Blind an"]
[Site "Ohrid, North Macedonia"]
[Date "2022.06.28"]
[Round "1.3"]
[White "Suder, Ryszard"]
[Black "Berisha, Xhafer"]
[Result "1-0"]
[WhiteElo "2084"]
[BlackElo "1440"]
[PlyCount "77"]
[EventDate "2022.06.28"]
[EventType "team"]
[EventRounds "7"]
[EventCountry "MKD"]
[WhiteTeam "Poland"]
[BlackTeam "Kosovo"]
[WhiteTeamCountry "POL"]
[BlackTeamCountry "KOS"]

1. Nf3 e6 2. g3 Nf6 3. Bg2 d5 4. O-O h6 5. d4 c5 6. c4 Nc6 7. Nc3 Be7 8. cxd5
exd5 9. Bf4 a6 10. dxc5 Bxc5 11. Rc1 Be7 12. Nd4 Nxd4 13. Qxd4 Be6 14. Rfd1 O-O
15. Nxd5 Nxd5 16. Bxd5 Bxd5 17. Qxd5 Qb6 18. Qd4 Qb5 19. Qc4 Qxb2 20. Rb1 b5
21. Qxf7+ Rxf7 22. Rxb2 Bc5 23. Rd5 Be7 24. Rc2 Rf6 25. Rd7 Re8 26. Be5 Re6 27.
Bd4 Bf6 28. Bxf6 gxf6 29. e3 R8e7 30. Rxe7 Rxe7 31. Rc6 a5 32. Rxf6 Kg7 33. Rb6
Re5 34. Kf1 h5 35. Ke2 b4 36. Kd3 Rd5+ 37. Kc2 Kf7 38. Ra6 Rf5 39. f4 1-0

[Event "IX IBCA World Team Ch. for the Blind an"]
[Site "Ohrid, North Macedonia"]
[Date "2022.06.28"]
[Round "1.4"]
[White "Kastrati, Shaip"]
[Black "Migala, Andrzej"]
[Result "0-1"]
[WhiteElo "1475"]
[BlackElo "1990"]
[PlyCount "72"]
[EventDate "2022.06.28"]
[EventType "team"]
[EventRounds "7"]
[EventCountry "MKD"]
[WhiteTeam "Kosovo"]
[BlackTeam "Poland"]
[WhiteTeamCountry "KOS"]
[BlackTeamCountry "POL"]

1. e4 c5 2. Nf3 d6 3. Bb5+ Nc6 4. d4 cxd4 5. Nxd4 Bd7 6. c3 Nf6 7. Bd3 e5 8.
Ne2 Be7 9. O-O O-O 10. Nd2 Bg4 11. f3 Be6 12. Nc4 d5 13. Ne3 Qb6 14. Kh1 Rfd8
15. Nf5 dxe4 16. Nxe7+ Nxe7 17. fxe4 Bc4 18. Rf3 Qd6 19. Bg5 Bxd3 20. Bxf6 gxf6
21. Ng3 Bc4 22. Qc1 Qd2 23. Rxf6 Qxc1+ 24. Rxc1 Bxa2 25. Rcf1 Bc4 26. R1f2 Rd1+
27. Nf1 Rad8 28. b4 Rc1 29. R6f3 Rdd1 30. Kg1 b5 31. h4 Nc8 32. g3 Nd6 33. Kg2
Rxf1 34. Rxf1 Rxf1 35. Rxf1 Bxf1+ 36. Kxf1 Nxe4 0-1

[Event "IX IBCA World Team Ch. for the Blind an"]
[Site "Ohrid, North Macedonia"]
[Date "2022.06.28"]
[Round "1.1"]
[White "Pribeanu, Mihail-Dacian"]
[Black "Thevenet, Yann"]
[Result "1-0"]
[WhiteElo "2175"]
[BlackElo "1983"]
[PlyCount "39"]
[EventDate "2022.06.28"]
[EventType "team"]
[EventRounds "7"]
[EventCountry "MKD"]
[WhiteTeam "Romania"]
[BlackTeam "France"]
[WhiteTeamCountry "ROU"]
[BlackTeamCountry "FRA"]

1. e4 e5 2. Nf3 Nc6 3. Bb5 a6 4. Ba4 f5 5. d3 fxe4 6. dxe4 Nf6 7. O-O Bc5 8.
Qd3 d6 9. Nc3 O-O 10. Bxc6 bxc6 11. Nxe5 Qe8 12. Nf3 Qh5 13. Ne2 Ng4 14. Nf4
Qe8 15. h3 Ne5 16. Nxe5 Qxe5 17. Qc4+ Kh8 18. Nd3 Qd4 19. Qxd4 Bxd4 20. c3 1-0

[Event "IX IBCA World Team Ch. for the Blind an"]
[Site "Ohrid, North Macedonia"]
[Date "2022.06.28"]
[Round "1.2"]
[White "Deville, Olivier"]
[Black "Bratu, Gheorghe"]
[Result "0-1"]
[WhiteElo "1752"]
[BlackElo "1702"]
[PlyCount "134"]
[EventDate "2022.06.28"]
[EventType "team"]
[EventRounds "7"]
[EventCountry "MKD"]
[WhiteTeam "France"]
[BlackTeam "Romania"]
[WhiteTeamCountry "FRA"]
[BlackTeamCountry "ROU"]

1. d4 d5 2. c4 c6 3. Nf3 Nf6 4. Qc2 g6 5. Bf4 Bf5 6. Qb3 Qb6 7. e3 Nbd7 8. c5
Qxb3 9. axb3 a6 10. Nc3 Nh5 11. Bg5 h6 12. Bh4 g5 13. Bg3 Nxg3 14. hxg3 Bg7 15.
b4 O-O-O 16. O-O-O e5 17. dxe5 Nxe5 18. Nxe5 Bxe5 19. Bd3 Bxd3 20. Rxd3 Rde8
21. Ne2 Re6 22. Nd4 Bxd4 23. Rxd4 f5 24. Kd2 Rf8 25. Rh5 Kd7 26. Ke2 Rff6 27.
Kd3 Ke7 28. Kd2 Kf7 29. Kd3 Kg6 30. Rh1 Rf7 31. Rh2 h5 32. Rh1 Rfe7 33. Rd1 Re4
34. Kc3 Kf6 35. R1d2 Ke5 36. Rd1 Rh7 37. Rh1 Kf6 38. Rxe4 fxe4 39. Kd4 g4 40.
Rf1 Ke6 41. Rd1 Rf7 42. Rd2 Rf5 43. Re2 Kf6 44. Kc3 Ke5 45. Rd2 Rf7 46. Re2 Rh7
47. Re1 h4 48. gxh4 Rxh4 49. g3 Rh2 50. Re2 Rh1 51. Rd2 Rc1+ 52. Kb3 Ra1 53.
Kc3 Rh1 54. Kb3 Rh7 55. Kc3 Rh1 56. Kb3 Rc1 57. Re2 Rd1 58. Kc3 Rd3+ 59. Kc2 d4
60. exd4+ Kxd4 61. Re1 Rf3 62. Rd1+ Kc4 63. Rd3 Kxb4 64. Rd4+ Kxc5 65. Rxe4
Rxf2+ 66. Kd3 Rf3+ 67. Re3 Rxe3+ 0-1

[Event "IX IBCA World Team Ch. for the Blind an"]
[Site "Ohrid, North Macedonia"]
[Date "2022.06.28"]
[Round "1.3"]
[White "Dima, Mihai"]
[Black "Ambrosino, Theo"]
[Result "1-0"]
[WhiteElo "1981"]
[BlackElo "1628"]
[PlyCount "87"]
[EventDate "2022.06.28"]
[EventType "team"]
[EventRounds "7"]
[EventCountry "MKD"]
[WhiteTeam "Romania"]
[BlackTeam "France"]
[WhiteTeamCountry "ROU"]
[BlackTeamCountry "FRA"]

1. e4 d5 2. exd5 Qxd5 3. Nc3 Qa5 4. d4 Nf6 5. Nf3 Bf5 6. Ne5 e6 7. Nc4 Qb4 8.
a3 Qe7 9. Ne5 Nbd7 10. Bd3 Bxd3 11. Qxd3 O-O-O 12. Bf4 Nh5 13. Qf3 Nxf4 14.
Qxf4 f6 15. Nxd7 Qxd7 16. O-O-O Qc6 17. Qe4 Qd7 18. Rhe1 Re8 19. d5 e5 20. Qc4
a6 21. Rd3 Kb8 22. Ne4 f5 23. Ng5 e4 24. Rb3 Kc8 25. Ne6 b5 26. Qc3 g6 27. Qa5
Rxe6 28. dxe6 Bh6+ 29. Kb1 Qxe6 30. Rd1 Rd8 31. Rxd8+ Kxd8 32. a4 e3 33. fxe3
Bxe3 34. axb5 axb5 35. Qxb5 Bb6 36. Rd3+ Ke7 37. Qb4+ c5 38. Qd2 Bc7 39. Qc3
Be5 40. Qxc5+ Kf6 41. Rb3 Bd6 42. Qd4+ Kg5 43. Re3 Qd7 44. Rd3 1-0

[Event "IX IBCA World Team Ch. for the Blind an"]
[Site "Ohrid, North Macedonia"]
[Date "2022.06.28"]
[Round "1.4"]
[White "Meyer, Eric"]
[Black "Pirosca, Alexandru"]
[Result "0-1"]
[WhiteElo "1625"]
[BlackElo "1888"]
[PlyCount "92"]
[EventDate "2022.06.28"]
[EventType "team"]
[EventRounds "7"]
[EventCountry "MKD"]
[WhiteTeam "France"]
[BlackTeam "Romania"]
[WhiteTeamCountry "FRA"]
[BlackTeamCountry "ROU"]

1. d4 Nf6 2. Bg5 c5 3. d5 Qb6 4. Bc1 g6 5. g3 Bg7 6. c3 O-O 7. Bg2 d6 8. Nd2 e6
9. dxe6 Bxe6 10. Ngf3 d5 11. O-O Nc6 12. e3 Rfd8 13. Qa4 Rac8 14. Re1 Bf5 15.
Bf1 a6 16. Qb3 Qc7 17. a4 h6 18. Nh4 Be6 19. Qc2 Qd7 20. e4 dxe4 21. Nxe4 Nxe4
22. Qxe4 Bd5 23. Qc2 Re8 24. Be3 Ne5 25. Red1 Qc6 26. Rxd5 Qxd5 27. Bg2 Qd7 28.
Rd1 Qe7 29. Qb3 Rc7 30. Bf4 g5 31. Nf5 Qe6 32. Qxe6 Rxe6 33. Nxg7 Kxg7 34. Bc1
Nc6 35. f4 f6 36. Kf2 Ree7 37. Be3 Red7 38. Re1 Ne7 39. Bh3 Rd8 40. c4 Ng6 41.
Re2 Re8 42. Bg4 Ree7 43. Rd2 Re4 44. Bf5 Rxc4 45. fxg5 hxg5 46. b3 Rc3 0-1

[Event "IX IBCA World Team Ch. for the Blind an"]
[Site "Ohrid, North Macedonia"]
[Date "2022.06.28"]
[Round "1.2"]
[White "Muri, Emil"]
[Black "Shepelev, Igor"]
[Result "1/2-1/2"]
[WhiteElo "1782"]
[BlackElo "2090"]
[PlyCount "76"]
[EventDate "2022.06.28"]
[EventType "team"]
[EventRounds "7"]
[EventCountry "MKD"]
[WhiteTeam "Slovenia"]
[BlackTeam "Ukraine"]
[WhiteTeamCountry "SLO"]
[BlackTeamCountry "UKR"]

1. e4 c5 2. Nf3 Nc6 3. Bb5 Na5 4. c3 a6 5. Be2 g6 6. d4 b6 7. O-O Bg7 8. b4
cxb4 9. cxb4 Nc6 10. a3 Nf6 11. e5 Nd5 12. Bc4 Nc7 13. Bb2 d5 14. Bd3 Bg4 15.
h3 Bxf3 16. Qxf3 Ne6 17. Qe3 O-O 18. Nd2 Qd7 19. Rae1 Nc7 20. f4 e6 21. g4 Ne7
22. Nf3 a5 23. Bc3 Nb5 24. Bxb5 Qxb5 25. Nh4 Qd7 26. f5 exf5 27. gxf5 Nxf5 28.
Nxf5 gxf5 29. Rf3 Qe6 30. Ref1 Qh6 31. Qe1 f4 32. bxa5 bxa5 33. Kh2 Qb6 34. Qh4
Kh8 35. Bd2 Rg8 36. Bxf4 Qg6 37. Qf6 Qxf6 38. exf6 Bxf6 1/2-1/2

[Event "IX IBCA World Team Ch. for the Blind an"]
[Site "Ohrid, North Macedonia"]
[Date "2022.06.28"]
[Round "1.3"]
[White "Zsiltzova-Lisenko, Lubov"]
[Black "Stimec, Marjan"]
[Result "1-0"]
[WhiteElo "2165"]
[BlackElo "1787"]
[PlyCount "61"]
[EventDate "2022.06.28"]
[EventType "team"]
[EventRounds "7"]
[EventCountry "MKD"]
[WhiteTeam "Ukraine"]
[BlackTeam "Slovenia"]
[WhiteTeamCountry "UKR"]
[BlackTeamCountry "SLO"]

1. e4 g6 2. d4 Bg7 3. f4 d6 4. Nf3 e6 5. c4 Ne7 6. Nc3 O-O 7. Be3 Nd7 8. Bd3 a6
9. O-O c5 10. d5 exd5 11. exd5 Nf6 12. h3 Bf5 13. g4 Bxd3 14. Qxd3 Qd7 15. a4
Rae8 16. Rae1 h6 17. Re2 Kh7 18. Rg2 Neg8 19. Bd2 Re7 20. f5 Rfe8 21. fxg6+
fxg6 22. g5 Ne4 23. Nxe4 Rxe4 24. gxh6 Bxh6 25. Bxh6 Kxh6 26. Ng5 Re3 27. Qd2
R8e7 28. Ne6 R7xe6 29. dxe6 Qxe6 30. Rf3 Kh7 31. Qxe3 1-0

[Event "IX IBCA World Team Ch. for the Blind an"]
[Site "Ohrid, North Macedonia"]
[Date "2022.06.28"]
[Round "1.4"]
[White "Cizman, Gregor"]
[Black "Yatsishin, Ivan"]
[Result "0-1"]
[WhiteElo "1522"]
[BlackElo "2029"]
[PlyCount "89"]
[EventDate "2022.06.28"]
[EventType "team"]
[EventRounds "7"]
[EventCountry "MKD"]
[WhiteTeam "Slovenia"]
[BlackTeam "Ukraine"]
[WhiteTeamCountry "SLO"]
[BlackTeamCountry "UKR"]

1. d4 Nf6 2. Nf3 d5 3. e3 c5 4. c3 e6 5. Bd3 Nc6 6. Nbd2 Bd6 7. O-O O-O 8. dxc5
Bxc5 9. h3 h6 10. b4 Bd6 11. Bb2 a6 12. a3 b5 13. a4 bxa4 14. Rxa4 Bb7 15. Qe2
Qb6 16. Rb1 e5 17. Bc2 e4 18. Nd4 Nxd4 19. exd4 Bc6 20. Raa1 Bf4 21. Bc1 Bb5
22. Qe1 Rac8 23. Nb3 Nh5 24. Nc5 Bxc1 25. Rxc1 Nf4 26. Kh2 Qg6 27. g3 Nd3 28.
Bxd3 exd3 29. Qd2 Rfe8 30. Re1 Re2 31. Rxe2 dxe2 32. Re1 Rc6 33. Kg2 Rf6 34. h4
Qf5 35. f4 Rg6 36. Rg1 Rf6 37. Re1 g5 38. hxg5 hxg5 39. Kf2 Re6 40. Kf3 gxf4
41. Qxf4 Rf6 42. Ke3 Qg6 43. Qb8+ Kg7 44. Kd2 Rf1 45. Qe5+ 0-1

[Event "IX IBCA World Team Ch. for the Blind an"]
[Site "Ohrid, North Macedonia"]
[Date "2022.06.28"]
[Round "1.1"]
[White "Zambo, Zoltan Istvan"]
[Black "Nizam, Rasim"]
[Result "1/2-1/2"]
[WhiteElo "2326"]
[BlackElo "2168"]
[PlyCount "71"]
[EventDate "2022.06.28"]
[EventType "team"]
[EventRounds "7"]
[EventCountry "MKD"]
[WhiteTeam "Hungary"]
[BlackTeam "Bulgaria"]
[WhiteTeamCountry "HUN"]
[BlackTeamCountry "BUL"]

1. d4 Nf6 2. c4 e6 3. g3 d5 4. Bg2 Be7 5. Nf3 O-O 6. Qc2 dxc4 7. Nbd2 Nc6 8.
Qxc4 Qd5 9. O-O Rd8 10. e3 Qxc4 11. Nxc4 Bd7 12. Rd1 Be8 13. b3 a5 14. a3 Nd5
15. Bb2 f6 16. e4 Nb6 17. Nxb6 cxb6 18. d5 exd5 19. exd5 Na7 20. Nd4 Nb5 21.
Nf5 Bc5 22. a4 Nd6 23. Nd4 Bg6 24. Ne6 Rdc8 25. Nxc5 bxc5 26. Rac1 b6 27. Bh3
Re8 28. Be6+ Kf8 29. f4 Re7 30. g4 Bf7 31. f5 h6 32. Re1 Rd8 33. h4 Ne8 34.
Rcd1 Bxe6 35. dxe6 Rc8 36. Bc1 1/2-1/2

[Event "IX IBCA World Team Ch. for the Blind an"]
[Site "Ohrid, North Macedonia"]
[Date "2022.06.28"]
[Round "1.2"]
[White "Ivanov, Ljubomir"]
[Black "Gyorkos, Lajos"]
[Result "0-1"]
[WhiteElo "1792"]
[BlackElo "2254"]
[PlyCount "68"]
[EventDate "2022.06.28"]
[EventType "team"]
[EventRounds "7"]
[EventCountry "MKD"]
[WhiteTeam "Bulgaria"]
[BlackTeam "Hungary"]
[WhiteTeamCountry "BUL"]
[BlackTeamCountry "HUN"]

1. d4 Nf6 2. c4 g6 3. Nf3 Bg7 4. g3 O-O 5. Bg2 c6 6. Nc3 d5 7. cxd5 cxd5 8. O-O
Nc6 9. Ne5 e6 10. Bg5 Ne7 11. Qd2 Ne8 12. Bh6 Bxh6 13. Qxh6 f6 14. Nf3 Nd6 15.
b3 Bd7 16. Qd2 Rc8 17. Rfc1 Qb6 18. e3 a5 19. Ne1 Qa7 20. Nd3 b6 21. h4 Rc7 22.
Nf4 Rfc8 23. Bh3 Ndf5 24. a4 Qb8 25. Bf1 Nd6 26. Ba6 Re8 27. Bf1 Rec8 28. Bh3
Kf7 29. Bf1 Qb7 30. Bd3 Nef5 31. Rc2 Ne4 32. Nxe4 Rxc2 33. Bxc2 dxe4 34. Bd1
Qc6 0-1

[Event "IX IBCA World Team Ch. for the Blind an"]
[Site "Ohrid, North Macedonia"]
[Date "2022.06.28"]
[Round "1.3"]
[White "Kovacs, Apollo"]
[Black "Georgiev, Todor St."]
[Result "1-0"]
[WhiteElo "2105"]
[BlackElo "1795"]
[PlyCount "103"]
[EventDate "2022.06.28"]
[EventType "team"]
[EventRounds "7"]
[EventCountry "MKD"]
[WhiteTeam "Hungary"]
[BlackTeam "Bulgaria"]
[WhiteTeamCountry "HUN"]
[BlackTeamCountry "BUL"]

1. d4 Nf6 2. Nf3 e6 3. Bf4 c5 4. e3 a6 5. Nbd2 d5 6. c3 Nbd7 7. Ne5 Qb6 8. Rb1
Bd6 9. Ndc4 dxc4 10. Nxc4 Qc6 11. Nxd6+ Ke7 12. c4 Rd8 13. b4 cxd4 14. Qxd4 Kf8
15. b5 axb5 16. cxb5 Qc2 17. Bd3 Qxa2 18. O-O Qd5 19. Qb4 Qc5 20. Rfc1 Qxb4 21.
Rxb4 Nd5 22. Rd4 Nxf4 23. exf4 Nf6 24. g3 b6 25. Be2 Bb7 26. Rcd1 Bd5 27. Nc4
Ra2 28. Bf1 Rb8 29. f5 Rc2 30. fxe6 fxe6 31. Ne3 Rb2 32. g4 h6 33. h4 Bf3 34.
Rc1 e5 35. Rd3 Rxb5 36. g5 hxg5 37. Rdc3 Rb4 38. hxg5 Ne4 39. Nd5 Nxc3 40. Nxb4
Rc8 41. Na2 Ne2+ 42. Bxe2 Rxc1+ 43. Nxc1 Bxe2 44. Nxe2 Kf7 45. Kf1 Ke6 46. Ng3
g6 47. Ke2 Kd5 48. Kd3 b5 49. Ne4 Ke6 50. Ng3 Kd5 51. f3 b4 52. Ne2 1-0